| 000 | 00767pam a2200277 a 4500 | ||
|---|---|---|---|
| 999 |
_c44175 _d44175 |
||
| 001 | 2316655 | ||
| 005 | 20181008110902.0 | ||
| 008 | 820202s1982 nyu b 001 0 eng | ||
| 010 | _a 81068401 | ||
| 020 | _a0465078184 | ||
| 040 |
_aDLC _cDLC _dDLC |
||
| 100 | 1 |
_aBank, Stephen P., _d1941- |
|
| 245 | 1 | 4 |
_aThe sibling bond / _cStephen P. Bank, Michael D. Kahn. |
| 260 |
_aNew York : _bBasic Books, _cc1982. |
||
| 300 |
_axiii, 363 p. ; _c24 cm. |
||
| 336 | _atext | ||
| 337 | _aunmediated | ||
| 338 | _avolume | ||
| 500 | _aIncludes index. | ||
| 504 | _aBibliography: p. 337-348. | ||
| 650 | 0 | _aBrothers and sisters. | |
| 650 | 0 | _aDevelopmental psychology. | |
| 650 | 2 | _aSibling relations. | |
| 700 | 1 |
_aKahn, Michael D., _d1936- |
|
| 942 |
_2lcc _cBK |
||